Search the Library Catalogue
| 000 -LEADER | |
|---|---|
| fixed length control field | 00871nam a2200241Ia 4500 |
| 008 - FIXED-LENGTH DATA ELEMENTS--GENERAL INFORMATION | |
| fixed length control field | 191130s2004##################000#0#eng## |
| 020 ## - INTERNATIONAL STANDARD BOOK NUMBER | |
| ISBN | 9781843768272 |
| 082 ## - DEWEY DECIMAL CLASSIFICATION NUMBER | |
| Classification number | 330.951 WEB |
| 245 ## - TITLE STATEMENT | |
| Title | Welfare, environment, and changing US-Chinese relations : 21st century challenges in China |
| Statement of responsibility, etc | edited by Maria Weber |
| 260 ## - PUBLICATION, DISTRIBUTION, ETC. (IMPRINT) | |
| Place of publication | Cheltenham, UK |
| Name of publisher | Edward Elgar Pub. in association with ISPI |
| Year of publication | c2004 |
| 300 ## - PHYSICAL DESCRIPTION | |
| Number of Pages | xxxi, 181 p. : ill. ; 25 cm |
| 500 ## - GENERAL NOTE | |
| General note | Includes bibliographical references and index |
| 650 ## - SUBJECT ADDED ENTRY--TOPICAL TERM | |
| Topical Term | China - Economic policy |
| Topical Term | China - Foreign economic relations - United States |
| Topical Term | China - Social policy |
| Topical Term | United States - Foreign economic relations - China |
| 700 ## - ADDED ENTRY--PERSONAL NAME | |
| Personal name | Weber, Maria |
| 991 ## - | |
| -- | 31626 |
| Withdrawn status | Lost status | Damaged status | Not for loan | Home library | Current library | Shelving location | Date acquired | Full call number | Accession Number | Price effective from | Koha item type |
|---|---|---|---|---|---|---|---|---|---|---|---|
| Anna Centenary Library | Anna Centenary Library | 4TH FLOOR, A WING | 09.10.2020 | 330.951 WEB | 344301 | 09.10.2020 | English Books |